| 000 | 00307nam a2200109Ia 4500 | ||
|---|---|---|---|
| 008 | 220120s9999||||xx |||||||||||||| ||und|| | ||
| 100 | _aTharakan, Thomas | ||
| 245 | 0 | _aSystem analysis and design | |
| 260 |
_aSurabi publications _bNew Delhi _c2001 |
||
| 300 |
_aXX, 772p. _b195 |
||
| 650 | _aPROGRAMMING LANGUAGE | ||
| 999 |
_c132237 _d132237 |
||